| 000 | 00371nam a2200133Ia 4500 | ||
|---|---|---|---|
| 008 | 231129s9999||||xx |||||||||||||| ||spa|| | ||
| 020 | _a84-8280-941-5 | ||
| 040 | _bspa | ||
| 082 | _a813 C928a | ||
| 100 | _aCrichton Michael | ||
| 245 | 0 | _aLa amenaza de andromeda | |
| 264 | _aBogotá Colombia : La Oveja Negra | ||
| 942 |
_2ddc _cBKS |
||
| 999 |
_c16401 _d16401 |
||